आधुनिक महाराष्ट्राची जडणघडण शिल्पकार चरित्रकोश खंड १0 : समाजकारण,राजकारण, पत्रकारिता (Record no. 370798)

MARC details
000 -LEADER
fixed length control field 00477 a2200109 4500
005 - DATE AND TIME OF LATEST TRANSACTION
control field 20260327153522.0
100 ## - MAIN ENTRY--PERSONAL NAME
Personal name Sāptāhika Vivēk
9 (RLIN) 217341
245 ## - TITLE STATEMENT
Title आधुनिक महाराष्ट्राची जडणघडण शिल्पकार चरित्रकोश खंड १0 : समाजकारण,राजकारण, पत्रकारिता
250 ## - EDITION STATEMENT
Edition statement 1st
260 ## - PUBLICATION, DISTRIBUTION, ETC. (IMPRINT)
Name of publisher, distributor, etc. Saptahik Vivek Hindusthan Prakashan Samstha
Date of publication, distribution, etc. 2023
942 ## - ADDED ENTRY ELEMENTS (KOHA)
Koha item type Article
Holdings
Withdrawn status Lost status Source of classification or shelving scheme Damaged status Not for loan Home library Current library Date acquired Vendor Cost, normal purchase price Total Checkouts Full call number Barcode Date last seen Cost, replacement price Bill Date Koha item type
    Dewey Decimal Classification     Cummins College of Engineering for Women Pune Cummins College of Engineering for Women Pune 28/02/2026 223 375.00   730.92 VIV CCEP-BK-70471 28/02/2026 375.00 28/02/2026 Books